书目信息 |
| 题名: |
FPGA/CPLD应用技术
|
|
| 作者: | 王静霞 主编 | |
| 分册: | ||
| 出版信息: | 北京 电子工业出版社 2014 |
|
| 页数: | 316页 | |
| 开本: | 26cm | |
| 丛书名: | 全国高等职业教育规划教材 | |
| 单 册: | ||
| 中图分类: | TP332.1 , TP312VE | |
| 科图分类: | ||
| 主题词: | 可编程序逻辑阵列--Ke Bian Cheng Xu Luo Ji Zhen Lie--系统设计--高等职业教育--教材 , 硬件描述语言--Ying Jian Miao Shu Yu Yan--程序设计--高等职业教育--教材 | |
| 电子资源: | ||
| ISBN: | 978-7-121-23826-0 | |
| 000 | 01464nam 2200325 450 | |
| 001 | 1678003047 | |
| 005 | 20140901084521.3 | |
| 010 | @a978-7-121-23826-0@dCNY43.00 | |
| 100 | @a20140814d2014 em y0chiy0120 ea | |
| 101 | 0 | @achi |
| 102 | @aCN@b110000 | |
| 105 | @aak z 000yy | |
| 106 | @ar | |
| 200 | 1 | @aFPGA/CPLD应用技术@AFPGA/CPLD Ying Yong Ji Shu@eVerilog语言版@f王静霞主编 |
| 205 | @a第2版 | |
| 210 | @a北京@c电子工业出版社@d2014 | |
| 215 | @a316页@c图@d26cm | |
| 225 | 2 | @a全国高等职业教育规划教材@AQuan Guo Gao Deng Zhi Ye Jiao Yu Gui Hua Jiao Cai@i精品与示范系列 |
| 300 | @a全国高等职业教育“十二五”规划教材 中国电子教育学会推荐教材 国家精品课配套教材 | |
| 305 | @a2010年第1版 | |
| 330 | @a本书以工作任务为导向,系统地介绍数字系统设计开发环境、可编程逻辑器件的结构和开发工具软件、Verilog HDL语言及其应用、组合逻辑电路设计、时序逻辑电路设计、数字系统的验证、数字系统设计实践等。 | |
| 333 | @a高职高专院校电子信息类、计算机类、自动化类等专业的教材,应用型本科、开放大学、成人教育、自学考试、中职学校及培训班的教材,电子工程技术人员。 | |
| 410 | 0 | @12001 @a全国高等职业教育规划教材@i精品与示范系列 |
| 606 | 0 | @a可编程序逻辑阵列@AKe Bian Cheng Xu Luo Ji Zhen Lie@x系统设计@x高等职业教育@j教材 |
| 606 | 0 | @a硬件描述语言@AYing Jian Miao Shu Yu Yan@x程序设计@x高等职业教育@j教材 |
| 690 | @aTP332.1@v5 | |
| 690 | @aTP312VE@v5 | |
| 701 | 0 | @a王静霞@AWang Jing Xia@4主编 |
| 801 | 0 | @aCN@b江苏新华@c20150511 |
| 905 | @aBZT@dTP332.1@e4 | |
| FPGA/CPLD应用技术:Verilog语言版/王静霞主编.-第2版.-北京:电子工业出版社,2014 |
| 316页:图;26cm.-(全国高等职业教育规划教材.精品与示范系列) |
| 全国高等职业教育“十二五”规划教材 中国电子教育学会推荐教材 国家精品课配套教材.-使用对象:高职高专院校电子信息类、计算机类、自动化类等专业的教材,应用型本科、开放大学、成人教育、自学考试、中职学校及培训班的教材,电子工程技术人员。 |
| ISBN 978-7-121-23826-0:CNY43.00 |
| 本书以工作任务为导向,系统地介绍数字系统设计开发环境、可编程逻辑器件的结构和开发工具软件、Verilog HDL语言及其应用、组合逻辑电路设计、时序逻辑电路设计、数字系统的验证、数字系统设计实践等。 |
| ● |
| 相关链接 |
|
|
|
正题名:FPGA/CPLD应用技术
索取号:TP332.1/4
 
预约/预借
| 序号 | 登录号 | 条形码 | 馆藏地/架位号 | 状态 | 备注 |
| 1 | 801137 | 2000801137 | 第二书库/ [索取号:TP332.1/4] | 在馆 | |
| 2 | 801138 | 2000801138 | 第二书库/ [索取号:TP332.1/4] | 在馆 | |
| 3 | 801139 | 2000801139 | 第二书库/ [索取号:TP332.1/4] | 在馆 |